000 00735nam a2200253Ia 4500
003 OSt
005 20220918195350.0
006 a|||||r|||| 00| 0
007 ta
008 220917b |||||||| |||| 00| 0 eng d
024 _a84,749
037 _cTextual
040 _aARTS
_cARTS
_beng
041 _2eng
_aeng
082 _aSN10aX :8, M6
100 _aGolembiewski Robert T.
_921890
245 0 _aStress in organizations
_b Toward a phase model of burnout
260 _aNew York
_bPraeger
_c1986
300 _axxi, 272p tables
_ccm.
500 _aBibliography p 248--269; Includes Index
650 _aPSYCHOLOGY
942 _hSN10aX :8, M6
_cTEXL
_2CC
999 _c208463
_d208463